CCNA Acronyms 8 - Statistics

General Stats
  • This quiz has been taken 2 times
  • The average score is 9 of 30
Answer Stats
Hint Answer % Correct
IETF Internet Engineering Task Force
100%
IPsec Internet Protocol Security
100%
ISP Internet service provider
100%
IDS Intrusion Detection System
100%
IPS Intrusion Prevention System
100%
IPv4 IP version 4
100%
IPv6 IP version 6
100%
IGP Interior gateway protocol
50%
IGRP Interior Gateway Routing Protocol
50%
IKE Internet Key Exchange
50%
IP/TV Internet Protocol Television
50%
IDM Cisco Intrusion Prevention System Device Manager
0%
ISM Industrial, Scientific, and Medical
0%
ISSU In-Service Software Upgrade
0%
IEEE Institute of Electrical and Electronics Engineers
0%
ISDN Integrated Services Digital Network
0%
ISR Integrated Services Router
0%
IVR Interactive voice response
0%
IDF Intermediate distribution frame
0%
IS Intermediate system
0%
IS-IS Intermediate System-to-Intermediate System
0%
IGMP Internet Group Management Protocol
0%
IIS Internet Information Server
0%
IPX Internetwork Packet Exchange
0%
ISL Inter-switch link
0%
IPC IP Communications
0%
IPCC IP Contact Center
0%
IPFIX IP Flow Information Export
0%
IDSL ISDN DSL
0%
IS-ISv6 IS-IS version 6
0%
No matching quizzes found
Score Distribution
Percent of People with Each Score
Percentile by Number Answered
Your Score History
You have not taken this quiz